កម្រងវប្បធម៏ខ្មែរ / (Record no. 6536)

MARC details
000 -LEADER
fixed length control field 03661nam a22002297a 4500
001 - CONTROL NUMBER
control field 6536
003 - CONTROL NUMBER IDENTIFIER
control field FISKH
005 - DATE AND TIME OF LATEST TRANSACTION
control field 20250508124443.0
008 - FIXED-LENGTH DATA ELEMENTS--GENERAL INFORMATION
fixed length control field 250508b cb ||||| |||| 00| 0 eng d
040 ## - CATALOGING SOURCE
Original cataloging agency FISKH
Language of cataloging khr
Transcribing agency FISKH
Modifying agency FISKH
050 ## - LIBRARY OF CONGRESS CALL NUMBER
Classification number PZ7
082 ## - DEWEY DECIMAL CLASSIFICATION NUMBER
Classification number 800
100 ## - MAIN ENTRY--PERSONAL NAME
Personal name Narom, Keo
245 ## - TITLE STATEMENT
Title កម្រងវប្បធម៏ខ្មែរ /
Statement of responsibility, etc. ស្រាវជ្រាវដោយ អ្នកស្រី កែវ ណារុំ
260 ## - PUBLICATION, DISTRIBUTION, ETC.
Place of publication, distribution, etc. ភ្នំពេញ :
Date of publication, distribution, etc. 2010 .
300 ## - PHYSICAL DESCRIPTION
Extent 85 pages :
Other physical details illustrations ;
Dimensions 20 cm .
520 ## - SUMMARY, ETC.
Summary, etc. សៀវភៅ «កម្រងវប្បធម៌ខ្មែរ» ត្រូវបានស្រាវជ្រាវ និងសរសេរដោយ អ្នកស្រី កែវ ណារុំ ដែលមានជំនាញខាងសិល្បៈ និងវប្បធម៌ខ្មែរ។ អ្នកស្រីបានចាប់ផ្តើមការស្រាវជ្រាវពីសិល្បៈ និងវប្បធម៌ខ្មែរនៅអាយុជាង ៣០ ឆ្នាំមុន។ ការស្រាវជ្រាវរបស់គាត់ផ្តោតលើការអភិរក្ស និងការបង្ហាញពីសិល្បៈ និងវប្បធម៌ខ្មែរដែលមានតម្លៃ។<br/><br/>ក្នុងសៀវភៅនេះ អ្នកស្រីបានបង្ហាញពីសិល្បៈ និងវប្បធម៌ខ្មែរដែលមានការចងក្រងជាឯកសារដើម្បីទុកជាអនុស្សាវរីយ៍សម្រាប់ជំនាន់ក្រោយ។ គាត់បានសិក្សាពីឧបករណ៍ភ្លេងខ្មែរ និងសិល្បៈផ្សេងៗដែលបានបាត់បង់ទៅដោយសារតែការបាត់បង់នៃការអប់រំ និងការការពារសិល្បៈបុរាណ។<br/><br/>អ្នកស្រីកែវ ណារុំបានចំណាយពេលជាង ៣០ ឆ្នាំក្នុងការស្រាវជ្រាវ និងសិក្សាពីសិល្បៈ និងវប្បធម៌ខ្មែរ ដោយមានគោលបំណងដើម្បីអភិរក្ស និងបង្ហាញពីសិល្បៈ និងវប្បធម៌ខ្មែរដែលមានតម្លៃសម្រាប់ជំនាន់ក្រោយ។
520 ## - SUMMARY, ETC.
Summary, etc. The book "Collection of Khmer Culture" was researched and written by Ms. Keo Narom, who specializes in Khmer arts and culture. She began her research into Khmer arts and culture more than 30 years ago. Her work focuses on the preservation and presentation of valuable aspects of Khmer art and heritage.<br/><br/>In this book, Ms. Keo Narom documents and compiles important elements of Khmer arts and culture to preserve them as a legacy for future generations. She studied traditional Khmer musical instruments and various forms of art that have been lost due to the decline of education and protection of traditional arts.<br/><br/>Ms. Keo Narom has spent over 30 years researching and studying Khmer arts and culture with the aim of preserving and promoting their value for future generations.<br/><br/>This book is valuable for those interested in studying Khmer arts and culture and in preserving them with care and dedication.
650 ## - SUBJECT ADDED ENTRY--TOPICAL TERM
Topical term or geographic name entry element កម្រងវប្បធម៏ខ្មែរ​
942 ## - ADDED ENTRY ELEMENTS (KOHA)
Source of classification or shelving scheme Dewey Decimal Classification
Koha item type Khmer Books
Suppress in OPAC No
Holdings
Withdrawn status Lost status Source of classification or shelving scheme Damaged status Not for loan Collection Home library Current library Shelving location Date acquired Total Checkouts Full call number Barcode Date last seen Copy number Price effective from Koha item type
    Dewey Decimal Classification     Khmer Language Books / សៀវភៅភាសាខ្មែរ Footprints International School Library Network Toul Tom Poung Campus Footprints International School Library Network Toul Tom Poung Campus TTP Secondary Khmer Bookshelves 05/08/2025   NAR PZ7 800 FISSE01716 05/08/2025 1 05/08/2025 Khmer Books
    Dewey Decimal Classification     Khmer Language Books / សៀវភៅភាសាខ្មែរ Footprints International School Library Network Toul Tom Poung Campus Footprints International School Library Network Toul Tom Poung Campus TTP Secondary Khmer Bookshelves 05/08/2025   NAR PZ7 800 FISSE01715 05/08/2025 2 05/08/2025 Khmer Books